000 01281cam a22002414a 4500
005 20250605164220.0
008 250528s ||||||||||||||||||||||||d
035 _a20642
020 _a71154051
040 _aGR-AtMCL
_bgre
_dGR-AtMCL
_eAACR2
245 1 _aFinancial Accounting / Ninth Edition
250 _a9th
260 _bIrwin Mcgraw-Hill,
_c1997
300 _a878
520 _aAn Introduction to Accounting, Accounting: The Language of Business, Changes in Financial Position, Measuring Business Income and Completing the Accounting Cycle, Yeah-End, The Business World, Accounting for Merchandising Activities, Introduction to Financial Statement Analysis and the Statement of Cash Flows, Accounting for Assets, Financial Assets, Inventories and the Cost of Goods Sopld, Plant Assets and Depreciation, Accounting for Liabilities and Owners' Equity, Forms of Business Organization, Reporting Unusual Events and Special Equity Transactions, A Look Back-End Ahead, Measuring Cash Flows, Accounting: Concepts and Professional Judgement and Ethical Conduct, Appendices, Index.
700 1 _aBettner Mark
_96602
700 1 _aMeigs Mary A
_96603
700 1 _aMeigs Robert F
_9871
700 1 _aWhittington Ray
_96604
942 _cBK
999 _c5731
_d5731